00347nam a2200133Ia 45000030006000000080041000060400015000471000040000622450038001022500010001402600034001505460012001840050017001960STCL150530s9999 xx 000 0 und d aSTCLcSTCL aBroadus, E.K.; Gordon, R.K.; Editor aEnglish prose from Bacon to Hardy aFirst bOxford University pressc1954 aEnglish20220125171139.0